000 00580nam a2200229Ia 4500
003 OSt
005 20221005124341.0
006 a|||||r|||| 00| 0
007 ta
008 221004b |||||||| |||| 00| 0 eng d
024 _a59102
037 _cTextual
040 _aCRL
_cCRL
_beng
041 _2eng
_aeng
082 _aU8:2ME:N5, J2
100 _aShipton Eric
_9635086
245 0 _aMount Everest reconnaissance expedition 1951
260 _c1952
650 _aGEOGRAPHY
942 _hU8:2ME:N5, J2
_cTEXL
_2cc
999 _c1050209
_d1050209